Word Ladder: Video Game Villains Quiz Stats

 Plays Quiz Updated May 4, 2018

Challenge
Share
Tweet
Embed
Score 0/26 Timer 03:00
1 Play Today
Clue 4-Letter Word % Correct
Small shipBOAT
88.4%
Definitely not tameWILD
87.7%
Lowest male singing voiceBASS
87.3%
To raise the temperatureHEAT
86%
Join metals togetherWELD
85.8%
Feathery scarvesBOAS
85.4%
ConquerBEAT
85%
SunbatheBASK
83.7%
Kept a grasp ofHELD
83.7%
Rear partBACK
83.2%
*Big ____*•BOSS•
82.6%
Caring and gentleKIND
81.8%
*Pyramid ____*•HEAD•
81.8%
Clue 4-Letter Word % Correct
*Handsome ____*•JACK•
73.2%
To cut or chop atHACK
72.5%
Keen sportsmanJOCK
70.9%
A joint of pork or hamHOCK
69.1%
*Dr ____*•WILY•
65.8%
GreasyOILY
64.5%
Merely or simplyONLY
59.1%
* ____ Dedede*•KING•
56.8%
Female red deerHIND
54.4%
*Master ____ *•HAND•
47.7%
Looped bundle of yarnHANK
46.5%
*Cyan Blue Ghost in Pac-man*•INKY•
44.3%
Poetic word for unspoken INLY
33.7%

Today's Daily Dose

Missing Word
Entertainment 'M'

Word Ladder
North Carolina

On This Day
January 16th II

You're not logged in!

Compare scores with friends on all Sporcle quizzes.
OR
Log In

You Might Also Like...

Show Comments

Extras

Top Quizzes Today


Score Distribution

Your Account Isn't Verified!

In order to create a playlist on Sporcle, you need to verify the email address you used during registration. Go to your Sporcle Settings to finish the process.

Report this User

Report this user for behavior that violates our Community Guidelines.

Details: